Cricket True/False - Statistics

General Stats
  • This quiz has been taken 140 times
  • The average score is 7 of 10
Answer Stats
Question Answer % Correct
The 'Ashes' is a commonly used term for the annual Test Series between New Zealand and Australia False
79%
MS Dhoni is the only captain to win the ICC Cricket World Cup, T20 World Cup and the Champions Trophy True
79%
The all-time leading wicket taker in Tests is Shane Warne False
72%
In order to dismiss a batsman by LBW (leg before wicket) the bowling team must appeal to the umpire otherwise the umpire will not signal out True
72%
No cricket captain has won the ICC Men's Cricket World Cup more than once False
67%
'Timed Out' is a way to lose a wicket True
67%
India are the only team to win the 50-Over and 60-Over World Cup True
59%
The World's Largest cricket stadium is the Melbourne Cricket Ground (MCG) in terms of seating capacity False
56%
South Africa have never qualified for the finals of the ICC Men's Cricket World Cup True
51%
The 2011 Cricket World Cup took place in India, Pakistan, Bangladesh and Sri Lanka False
49%
No matching quizzes found
Score Distribution
Percent of People with Each Score
Percentile by Number Answered
Your Score History
You have not taken this quiz